LIBRARY & INFORMATION CENTRE, KCAET, TAVANUR

ONLINE PUBLIC ACCESS CATALOGUE (OPAC)

Food preservation / (Record no. 13169)

MARC details
000 -LEADER
fixed length control field 00415cam a2200169ua 4500
041 ## - LANGUAGE CODE
Language code of text/sound track or separate title eng
082 ## - DEWEY DECIMAL CLASSIFICATION NUMBER
Classification number 664.027
Item number SIN/FO
100 ## - MAIN ENTRY--AUTHOR NAME
Personal name Singh, M. K .
245 ## - TITLE STATEMENT
Title Food preservation /
260 ## - PUBLICATION, DISTRIBUTION, ETC. (IMPRINT)
Place of publication Newdelhi :
Name of publisher Discovery publishing house ,
Year of publication 2007.
300 ## - PHYSICAL DESCRIPTION
Number of Pages 292 ; .
942 ## - ADDED ENTRY ELEMENTS (KOHA)
Koha item type Books
Holdings
Withdrawn status Lost status Damaged status Home library Current library Date acquired Full call number Accession Number Koha item type
      KAUAET KAUAET 07/04/2012 664.027 21376 Books
free website counter